Sports Quiz

Random Sports or Europe Quiz

World cup 2014 european qualifiers.Which result was? Quiz Stats

 Plays Quiz not verified by Sporcle

Challenge
Share
Tweet
Embed
Score 0/10 Timer 02:00
0 Plays Today
match result(ex. 0-1,2-1,1-0...) % Correct
Andorra-Estonia0-1
87.7%
Luxembourg-Portugal1-2
86%
England-San Marino5-0
86%
Montenegro-Poland2-2
64.9%
Cyprus-Norway1-3
63.2%
Germany-Sweden4-4
54.4%
Liechtenstein-Bosnia and Herzegovina1-8
52.6%
Serbia-Wales6-1
40.4%
Finland-Georgia1-1
36.8%
Austria-Kazakhstan4-0
35.1%

You're not logged in!

Compare scores with friends on all Sporcle quizzes.
OR
Log In

You Might Also Like...

Show Comments

Extras

Top Quizzes Today


Score Distribution

Your Account Isn't Verified!

In order to create a playlist on Sporcle, you need to verify the email address you used during registration. Go to your Sporcle Settings to finish the process.

Report this User

Report this user for behavior that violates our Community Guidelines.

Details: